Imágenes de archivo (1967-1991) /

Bibliographic Details
Main Author: López Martínez, Pedro, 1967-
Format: Electronic eBook
Language:Spanish
Published: Sant Cugat del Vallès, Barcelona : Amelia Romero, editora : Los Libros de la Frontera, 1993.
Series:Bardo (Sahagún, Carlos) ; 33.
Subjects:
Online Access:Digitalia Hispánica

MARC

LEADER 00000nam a2200000Ii 4500
001 DIGLIDFRO0014
003 NyNyDIG
006 m o d
007 cr |||||||||||
008 130401s1993 sp o 000 p spa d
020 |z 8485709934 
020 |z 9788485709939 
035 |a (OCoLC)888267859 
040 |a DGITA  |b eng  |e pn  |c DGITA 
050 1 4 |a PQ6662.O5979 eBook 
100 1 |a López Martínez, Pedro,  |d 1967- 
245 1 0 |a Imágenes de archivo   |n (1967-1991) /  |c Pedro López Martínez. 
264 1 |a Sant Cugat del Vallès, Barcelona :  |b Amelia Romero, editora :  |b Los Libros de la Frontera,  |c 1993. 
300 |a 1 online resource (94 pages)  
336 |a text  |b txt  |2 rdacontent 
337 |a computer  |b c  |2 rdamedia 
338 |a online resource  |b cr  |2 rdacarrier 
490 1 |a Bardo; colección de poesía dirigida por Carlos Sahagún ;  |v 33. 
655 0 |a Electronic books. 
791 2 |a Digitalia (Firm),  |e distributor. 
830 0 |a Bardo (Sahagún, Carlos) ;  |v 33. 
793 0 |g Digitalia eBook Collection:  |a Libros de la Frontera. 
856 4 0 |3 Digitalia Hispánica  |u https://www.digitaliapublishing.com/a/10153/ 
910 |a Premium Collection: 2007-2012